Loading...
Fine Arts - Classical Music | 6 | 8.33 | 83% | 0% | 0% |
Fine Arts - Other Fine Arts | 5 | 16.00 | 100% | 40% | 20% |
Fine Arts - Visual Fine Arts | 3 | 13.33 | 100% | 33% | 0% |
Geography/Current Events | 2 | 25.00 | 100% | 100% | 50% |
History - American History | 7 | 18.57 | 100% | 43% | 43% |
History - European History | 5 | 18.00 | 100% | 60% | 20% |
History - Other History | 7 | 18.57 | 100% | 57% | 29% |
History - World History | 4 | 17.50 | 100% | 75% | 0% |
Literature - American Literature | 5 | 10.00 | 80% | 0% | 20% |
Literature - British Literature | 4 | 10.00 | 75% | 25% | 0% |
Literature - European Literature | 6 | 10.00 | 100% | 0% | 0% |
Literature - World/Other Literature | 3 | 16.67 | 100% | 67% | 0% |
Mythology | 3 | 23.33 | 100% | 100% | 33% |
Other Academic | 1 | 10.00 | 100% | 0% | 0% |
Philosophy | 4 | 12.50 | 100% | 25% | 0% |
Religion | 4 | 17.50 | 100% | 50% | 25% |
Science - Biology | 4 | 15.00 | 75% | 50% | 25% |
Science - Chemistry | 4 | 12.50 | 100% | 25% | 0% |
Science - Other Science | 6 | 8.33 | 83% | 0% | 0% |
Science - Physics | 6 | 13.33 | 100% | 33% | 0% |
Social Science | 5 | 14.00 | 100% | 40% | 0% |
World/Other Literature> | 1 | 10.00 | 100% | 0% | 0% |